Akram Zaatari: (Record no. 1475)

MARC details
000 -LEADER
campo de control de longitud fija 01059nam a2200145 4500
008 - DATOS DE LONGITUD FIJA--INFORMACIÓN GENERAL
campo de control de longitud fija 708 Z39a
020 ## - NÚMERO INTERNACIONAL ESTÁNDAR DEL LIBRO
Número Internacional Estándar del Libro 9788599277058
082 ## - NÚMERO DE LA CLASIFICACIÓN DECIMAL DEWEY
Número de clasificación 708
Número de ítem Z39a
100 ## - ENTRADA PRINCIPAL--NOMBRE DE PERSONA
Nombre de persona O. Farkas, Solange & Bogossian, Gabriel (Curaduría)
9 (RLIN) 6351
245 ## - MENCIÓN DEL TÍTULO
Título Akram Zaatari:
Resto del título amanhã vai ficar tudo bem - tomorrow everything will be alright
260 ## - PUBLICACIÓN, DISTRIBUCIÓN, ETC.
Lugar de publicación, distribución, etc. São Paulo
Nombre del editor, distribuidor, etc. Associação Cultural Videobrasil
Fecha de publicación, distribución, etc. 2016
300 ## - DESCRIPCIÓN FÍSICA
Extensión 96 p.
Otras características físicas ill. (col)
Dimensiones 15 x 21 cm
505 ## - NOTA DE CONTENIDO CON FORMATO
Título O chamado do desejoso
Mención de responsabilidad Solange O. Farkas & Gabriel Bogossian
Título Call of the desirous
Mención de responsabilidad Solange O. Farkas & Gabriel Bogossian
Título Obras em video - Video works
-- Vistas de exposicão - exhibition views
-- Desenhos - drawings
-- Uma conversa com Akram Zaatari
Mención de responsabilidad Moacir dos Anjos
Título A conversation with Akram Zaatari
Mención de responsabilidad Moacir dos Anjos
Título Não dá para fragmentar o desejo: as motivações criativas de Akram Zaatari
Mención de responsabilidad Mark R. Westmoreland
Título You cannot partition desire: Akram Zaatari´s creative motivations
Mención de responsabilidad Mark R. Westmoreland
Título Colaboradores - constributors
650 ## - PUNTO DE ACCESO ADICIONAL DE MATERIA--TÉRMINO DE MATERIA
Subdivisión general arte contemporáneo
-- arte exhibiciones
-- videoarte
-- artes visuales
9 (RLIN) 6352
Holdings
Estatus retirado Estado de pérdida Fuente del sistema de clasificación o colocación Estado de daño No para préstamo Biblioteca de origen Biblioteca actual Ubicación en estantería Fecha de adquisición Total de préstamos Signatura topográfica completa Código de barras Visto por última vez Precio de reemplazo Tipo de ítem Koha
    Clasificación Decimal Dewey     Biblioteca LadoV Biblioteca LadoV   30/05/2018   708 Z39a 004562 30/05/2018 30/05/2018 Material 01